Detalles MARC
| 000 -ENCABEZADO |
| Número de control [NR] |
02367nam a2200265Ma 4500 |
| 005 - FECHA Y HORA DE LA ÚLTIMA TRANSACCIÓN |
| control field |
20140903175028.0 |
| 008 - DE LONGITUD FIJA DE DATOS DE ELEMENTOS - INFORMACIÓN GENERAL |
| Elementos de longitud fija [NR] |
130719s2013 xxu frn 001 0 eng d |
| 020 ## - NUMERO INTERNACIONAL NORMALIZADO PARA LIBROS [R] |
| ISBN Cancelado/ Invalidado [R] |
9780813044866 |
| 040 ## - FUENTE DE CATALOGACION [NR] |
| Agencia de catalogación original [NR] |
Co-BoUCM |
| Quien Cataloga |
|
| Idioma de catalogación [NR] |
spa |
| Quien Clasifica |
Aldemar Mondragón |
| 041 0# - CODIGO DE IDIOMA [R] |
| Código de idioma para texto/pista de sonido o título separado [R] |
Inglés |
| 245 00 - MENCION DE TITULO [NR] |
| Título [NR] |
Broadcasting modernism |
| Mención de responsabilidad, etc. [NR] |
editado por Debra Rae Cohen, Michael Coyle y Jane Lewty |
| 260 ## - PUBLICACION, DISTRIBUCION, ETC. (PIE DE IMPRENTA) [R] |
| Lugar de publicación, distribución, etc. [R] |
Gainesville (Florida, Estados Unidos) |
| Nombre del editor, distribuidor, etc. [R] |
University Press of Florida |
| Fecha de publicación, distribución, etc. [R] |
2013 |
| 300 ## - DESCRIPCION FISICA [R] |
| Extensión [R] |
viii, 330 páginas |
| 504 ## - NOTA DE BIBLIOGRAFIA, ETC. [R] |
| Nota de bibliografía, etc. [NR] |
Incluye referencias bibliográficas e índices |
| 505 00 - NOTA DE CONTENIDO CON FORMATO PREESTABLECIDO [R] |
| Mención de responsabilidad [R] |
Debra Rae Cohen, Michael Coyle, and Jane Lewty |
| -- |
Aaron Jaffe |
| -- |
Jeffrey Sconce |
| -- |
Timothy C. Campbell |
| -- |
Martin Spinelli |
| -- |
David Jenemann |
| -- |
Sarah Wilson |
| -- |
Jonah Willihnganz |
| -- |
Debra Rae Cohen |
| -- |
Todd Avery |
| -- |
Michael Coyle |
| -- |
Jane Lewty |
| -- |
Brook Houglum |
| -- |
Lesley Wheeler |
| -- |
J. Stan Barrett |
| -- |
Steven Connor. |
| State manifest and birth record (1764-1977). |
Introduction: Signing on |
| -- |
Medium and metaphor. Inventing the radio cosmopolitan: vernacular modernism at a standstill |
| -- |
Wireless ego: the pulp physics of psychoanalysis |
| -- |
Marinetti, Marconista: the futurist manifestos and the emergence of wireless writing |
| -- |
"Masters of sacred ceremonies": Welles, Corwin, and a radiogenic modernist literature |
| -- |
Flying solo: the charms of the radio body |
| -- |
Pressures and intrusions. Gertrude Stein and the radio |
| -- |
The Voice of America in Richard Wright's Lawd today! |
| -- |
Annexing the oracular voice: form, ideology and the BBC |
| -- |
Desmond MacCarthy, Bloomsbury, and the aestheticist ethics of broadcasting |
| -- |
"We speak to India": T. S. Eliot's wartime broadcasts and the frontiers of culture |
| -- |
Negotiations, transactions, translations. "What they had heard said written": Joyce, Pound and the cross-correspondence of radio |
| -- |
"Speech without practical locale": radio and Lorine Niedecker's aurality |
| -- |
Materializing Millay: the 1930s radio broadcasts |
| -- |
Updating Baudelaire for the radio age: the refractive poetics of "The pleasures of merely circulating" |
| -- |
I switch off: Beckett and the ideals of radio |
| 650 #2 - ASIENTO SECUNDARIO DE MATERIA - TERMINO TEMATICO [R] |
| Término temático o nombre geográfico como elemento de entrada [NR] |
Radio y literatura |
| 9 (RLIN) |
55838 |
| 650 #7 - ASIENTO SECUNDARIO DE MATERIA - TERMINO TEMATICO [R] |
| Término temático o nombre geográfico como elemento de entrada [NR] |
Modernismo (Literatura) |
| 9 (RLIN) |
19685 |
| 650 #7 - ASIENTO SECUNDARIO DE MATERIA - TERMINO TEMATICO [R] |
| Término temático o nombre geográfico como elemento de entrada [NR] |
Música |
| 9 (RLIN) |
55840 |
| Subdivisión general [R] |
Radiodifusión |
| 690 ## - ASUNTO AGREGADO LOCAL DE ENTRADA - TÉRMINO TEMÁTICO (OCLC, RLIN) |
| 9 (RLIN) |
42859 |
| Acceso temático local |
Literatura |
| 700 1# - ASIENTO SECUNDARIO - NOMBRE PERSONAL [R] |
| Nombre personal [NR] |
Cohen, Debra Rae |
| Término de relación [R] |
editor |
| 9 (RLIN) |
55843 |
| 700 1# - ASIENTO SECUNDARIO - NOMBRE PERSONAL [R] |
| Nombre personal [NR] |
Coyle, Michael |
| Fechas asociadas con el nombre [NR] |
1957- |
| Término de relación [R] |
editor |
| 9 (RLIN) |
55844 |
| 700 1# - ASIENTO SECUNDARIO - NOMBRE PERSONAL [R] |
| Nombre personal [NR] |
Lewty, Jane |
| Término de relación [R] |
editor |
| 9 (RLIN) |
55845 |
| 942 ## - ELEMENTOS DE ENTRADA AGREGADOS (KOHA) |
| Tema principal |
Literatura |
| Tipo de ítem principal el descrito en 300a |
Libro |
| Edición |
1 |
| Parte restante de la signatura top. |
B863 |
| Sistema de clasificación |
DEWEY |
| Clasificación |
809.91 |